Truyện cổ H'Mông

محفوظ في:
التفاصيل البيبلوغرافية
التنسيق: كتاب
اللغة:Undetermined
منشور في: Hà Nội Văn hóa 1984
الموضوعات:
الوسوم: إضافة وسم
لا توجد وسوم, كن أول من يضع وسما على هذه التسجيلة!
Thư viện lưu trữ: Trung tâm Học liệu Trường Đại học Cần Thơ
LEADER 00496nam a2200169Ia 4500
001 CTU_6264
008 210402s9999 xx 000 0 und d
082 |a 398.20495922 
082 |b Tr527 
245 0 |a Truyện cổ H'Mông 
245 0 |c Lê Trung Vũ (sưu tầm và biên soạn) 
260 |a Hà Nội 
260 |b Văn hóa 
260 |c 1984 
650 |a Folk literature, vietnamese 
904 |i Qhieu sửa 
980 |a Trung tâm Học liệu Trường Đại học Cần Thơ